| 000 | 01092nam a2200217 a 4500 | ||
|---|---|---|---|
| 001 | 000048620 | ||
| 005 | 20201002061301.0 | ||
| 008 | 190403s2017 dr 000 0 spa d | ||
| 020 | _a9789945090857 | ||
| 040 |
_aDO-SdBNP _bspa _cBNPHU |
||
| 082 |
_axx _bxx |
||
| 100 | 1 |
_aNieves, Ricardo _910759 |
|
| 245 | 1 | 0 |
_aGlobalización y control social punitivo / _cRicardo Nieves ; colaboradores Mario Lama...[et. al]. |
| 260 |
_aSanto Domingo : _b[s.n.], _c2017. |
||
| 300 |
_a707 p. ; _c23 cm. |
||
| 500 | _aIncluye datos biográficos del autor en la solapa de la cubierta | ||
| 504 | _aBibliografía: p. 685-706. | ||
| 505 | 0 | _aAbreviaturas -- Prólogo -- Introducción -- La globalización -- El impacto egológico del globalismo -- El declive del estado y la crisis del derecho -- Los nuevos rumbos del derecho penal -- Deslegítimación jurídica y tecnología social -- Las contrariedades para construir un discurso criminológico desde la globalización -- Globalismo, control social punitivo y derechos fundamentales. | |
| 590 | _aInventariado, 2019/VM | ||
| 700 | 1 |
_aLama, Mario _976074 |
|
| 999 |
_c48108 _d48108 |
||